Two 'C' Words by One Hint Quiz Stats

 Plays Quiz Updated Jun 10, 2018

Challenge
Share
Tweet
Embed
Score 0/20 Timer 04:00
15 Plays Today
% Correct
Cap'n Crunch
95%
Credit Card
94.4%
Comedy Central
94%
Cuban Cigar
93.7%
Can-can
93.5%
Chicago Cubs
92.4%
Cable Car
89.4%
Chester Cheetah
87.8%
Chinese Checkers
83.4%
Canadian Club
83%
% Correct
Culture Club
82.6%
Cliff Clavin
75.3%
Cash Cab
72.6%
Charlie Chan
68.2%
Crazy Cool
66.7%
Candid Camera
65.1%
Colin Creevey
63.5%
Clyde Crashcup
57.3%
Constant Craving
56.9%
Captains Courageous
56.8%

You're not logged in!

Compare scores with friends on all Sporcle quizzes.
Join for Free
OR
Log In

You Might Also Like...

Show Comments

Extras

Top Quizzes Today


Score Distribution

Your Account Isn't Verified!

In order to create a playlist on Sporcle, you need to verify the email address you used during registration. Go to your Sporcle Settings to finish the process.

Report this User

Report this user for behavior that violates our Community Guidelines.

Details: